Sports Quiz

Random Sports or Football Quiz
Score 0/49 Timer 20:00
0 Plays Today
% Correct
49ers
91.8%
Giants
90.8%
Cowboys
90.5%
49ers
90%
Ravens
89%
49ers
89%
Patriots
88.5%
Colts
88%
Giants
87.8%
Bears
87.8%
Broncos
87.5%
Patriots
87%
Rams
87%
Packers
87%
Giants
86.8%
Buccaneers
86.8%
Patriots
86.3%
Broncos
86.3%
Cowboys
86.3%
Steelers
85.8%
Steelers
85.8%
Patriots
85.2%
49ers
85%
Ravens
84.3%
Redskins
84%
% Correct
Seahawks
83.9%
Jets
83.8%
Packers
82.3%
Saints
82%
Steelers
81.3%
Steelers
80.5%
Cowboys
80.3%
Packers
80%
49ers
79%
Steelers
77.5%
Giants
76.3%
Redskins
75.8%
Raiders
75.8%
Chiefs
75.8%
Cowboys
74.3%
Dolphins
74.3%
Packers
72.5%
Cowboys
71.8%
Raiders
71.5%
Steelers
69.5%
Dolphins
69.3%
Redskins
67.5%
Raiders
67.3%
Colts
66%
Remove Ads.
Support Sporcle.
Get the best of Sporcle when you Go Orange. This ad-free experience offers more features, more stats, and more fun while also helping to support Sporcle. Thank you for becoming a member.

You're not logged in!

Compare scores with friends on all Sporcle quizzes.
OR
Log In

Show Comments

Extras

Top Quizzes Today


Score Distribution

Your Account Isn't Verified!

In order to create a playlist on Sporcle, you need to verify the email address you used during registration. Go to your Sporcle Settings to finish the process.

Report this User

Report this user for behavior that violates our Community Guidelines.

Details: